000 00361nam a2200145Ia 4500
008 230917s9999||||xx |||||||||||||| ||und||
040 _e147757
_aMAIN
041 _aEnglish
082 _a514 M925T
100 _aMunkres, James R
245 0 _aTopology: A first course
260 _aNew Delhi
_bPrentice-Hall of India
_c2001
300 _a413 p.
942 _cBK
999 _c113014
_d113014